[Event "Gdansk op"]
[Site "Gdansk"]
[Date "2009.07.26"]
[Round "9"]
[White "Zygmunt, Piotr"]
[Black "Ciszewski, Marek"]
[Result "0-1"]
[WhiteElo "1932"]
[BlackElo "1974"]
[PlyCount "54"]
[EventDate "2009.07.19"]
[EventType "swiss"]
[EventRounds "9"]
[EventCountry "POL"]
[SourceTitle "CBM 131 Extra"]
[Source "ChessBase"]
[SourceDate "2009.09.03"]
[SourceVersion "2"]
[SourceVersionDate "2009.09.16"]
[SourceQuality "1"]

1. e4 e5 2. Nf3 Nc6 3. Nc3 Bb4 4. Nd5 Nf6 5. Nxb4 Nxb4 6. c3 Nc6 7. Bb5 0-0 8. d3 d5 9. 0-0 Bg4 10. h3 Bh5 11. Bg5 dxe4 12. Bxc6 bxc6 13. dxe4 Qxd1 14. Rfxd1 Nxe4 15. Be7 Rfe8 16. Rd7 f6 17. g4 Bf7 18. Rxc7 Bd5 19. Nh4 Ng5 20. Kh2 Ne6 21. Rd7 Nf4 22. Bc5 g6 23. Bxa7 Be6 24. Rad1 Bxd7 25. Rxd7 Red8 26. Rb7 Rd3 27. Ng2 Rxh3+ 0-1

[Event "Gdansk op"]
[Site "Gdansk"]
[Date "2009.07.25"]
[Round "8"]
[White "Majdziak, Witold"]
[Black "Zygmunt, Piotr"]
[Result "1-0"]
[WhiteElo "1846"]
[BlackElo "1932"]
[PlyCount "104"]
[EventDate "2009.07.19"]
[EventType "swiss"]
[EventRounds "9"]
[EventCountry "POL"]
[SourceTitle "CBM 131 Extra"]
[Source "ChessBase"]
[SourceDate "2009.09.03"]
[SourceVersion "2"]
[SourceVersionDate "2009.09.16"]
[SourceQuality "1"]

1. c4 e6 2. d4 d5 3. Nf3 Nf6 4. Bg5 c6 5. e3 Bb4+ 6. Nbd2 Nbd7 7. a3 Be7 8. Bd3 0-0 9. 0-0 h6 10. Bh4 Re8 11. h3 dxc4 12. Nxc4 Nd5 13. Bg3 b5 14. Nce5 Bb7 15. Nxd7 Qxd7 16. Ne5 Qd8 17. Qf3 Rf8 18. Qg4 Nf6 19. Qe2 Rc8 20. Rac1 a6 21. Rfd1 Qb6 22. Bb1 c5 23. dxc5 Bxc5 24. b4 Be7 25. f3 Nd5 26. Bf2 Rxc1 27. Rxc1 Qd6 28. Nd3 Bf6 29. Nc5 Nc3 30. Rxc3 Bxc3 31. Nxb7 Qc7 32. Nc5 g6 33. Bxg6 fxg6 34. Nxe6 Qc4 35. Qxc4 bxc4 36. Nxf8 Kxf8 37. Kf1 Bb2 38. Ke2 Bxa3 39. Be1 Ke7 40. Bc3 Ke6 41. e4 Bc1 42. Bd2 Ba3 43. Bc3 Bc1 44. g4 Bf4 45. Kd1 h5 46. gxh5 gxh5 47. Kc2 Kd6 48. Bd4 Kc6 49. Kc3 Kb5 50. e5 Bc1 51. e6 Ba3 52. Bc5 a5 1-0

[Event "Gdansk op"]
[Site "Gdansk"]
[Date "2009.07.19"]
[Round "1"]
[White "Zygmunt, Piotr"]
[Black "Mazalon, Mariusz"]
[Result "0-1"]
[WhiteElo "1932"]
[BlackElo "2167"]
[PlyCount "64"]
[EventDate "2009.07.19"]
[EventType "swiss"]
[EventRounds "9"]
[EventCountry "POL"]
[SourceTitle "CBM 131 Extra"]
[Source "ChessBase"]
[SourceDate "2009.09.03"]
[SourceVersion "2"]
[SourceVersionDate "2009.09.16"]
[SourceQuality "1"]

1. e4 c5 2. Nf3 d6 3. d4 cxd4 4. Nxd4 Nf6 5. Nc3 a6 6. Be3 e5 7. Nb3 Be7 8. Bc4 0-0 9. f3 Be6 10. Bd5 Qc7 11. Qd2 Nbd7 12. 0-0-0 Rac8 13. Qf2 b5 14. a3 Bxd5 15. Nxd5 Nxd5 16. Rxd5 f5 17. exf5 Rxf5 18. Rhd1 Nf6 19. R5d3 Ng4 20. Qd2 Nxe3 21. Rxe3 Bg5 22. Rde1 Rf7 23. Kb1 h6 24. Qd3 Bxe3 25. Rxe3 d5 26. Nd2 Rd8 27. Qe2 Re7 28. Rc3 Qd6 29. Nb3 Kh8 30. Nc5 e4 31. fxe4 d4 32. e5 dxc3 0-1

[Event "Rowy op-A 17th"]
[Site "Rowy"]
[Date "2008.06.21"]
[Round "8.15"]
[White "Sidlo, Andrzej"]
[Black "Zygmunt, Piotr"]
[Result "1/2-1/2"]
[WhiteElo "2023"]
[BlackElo "1939"]
[PlyCount "88"]
[EventDate "2008.06.14"]
[EventType "swiss"]
[EventRounds "9"]
[EventCountry "POL"]
[SourceTitle "EXT 2023"]
[Source "ChessBase"]
[SourceDate "2022.10.05"]
[SourceVersion "1"]
[SourceVersionDate "2022.10.05"]
[SourceQuality "1"]

1. e4 e5 2. Nf3 d6 3. Bc4 c5 4. h3 Nc6 5. a3 Be7 6. Nc3 Nf6 7. d3 h6 8. Nd5 0-0 9. Bd2 a6 10. 0-0 b5 11. Nxf6+ Bxf6 12. Bd5 Bb7 13. Nh2 Bg5 14. Be1 Ra7 15. Nf3 Be7 16. Bd2 Qd7 17. Ba2 Kh7 18. Nh2 f5 19. f3 f4 20. c3 Nd8 21. Be1 d5 22. Bf2 Ne6 23. Ng4 Bf6 24. b4 d4 25. c4 cxb4 26. axb4 bxc4 27. Bxc4 Qd6 28. Qb3 Bc8 29. Ra2 Be7 30. Rb1 h5 31. Nh2 Bd7 32. Be1 Rb8 33. Rba1 Nc7 34. Ra5 Bb5 35. Nf1 Qb6 36. Bxb5 Nxb5 37. Qf7 Nc3 38. Qc4 Bxb4 39. Rxa6 Rxa6 40. Rxa6 Ne2+ 41. Kh2 Qb5 42. Qe6 Bxe1 43. Qg6+ Kg8 44. Ra7 Rb7 1/2-1/2

[Event "Rowy op-A 17th"]
[Site "Rowy"]
[Date "2008.06.17"]
[Round "4.18"]
[White "Zygmunt, Piotr"]
[Black "Poswiatowski, Michal"]
[Result "0-1"]
[WhiteElo "1939"]
[BlackElo "1778"]
[PlyCount "62"]
[EventDate "2008.06.14"]
[EventType "swiss"]
[EventRounds "9"]
[EventCountry "POL"]
[SourceTitle "EXT 2023"]
[Source "ChessBase"]
[SourceDate "2022.10.05"]
[SourceVersion "1"]
[SourceVersionDate "2022.10.05"]
[SourceQuality "1"]

1. e4 e5 2. Nf3 Nc6 3. Nc3 Nf6 4. d4 exd4 5. Nxd4 Bb4 6. Bg5 Qe7 7. f3 Qe5 8. Bxf6 Bxc3+ 9. bxc3 Qxf6 10. Nb5 Qd8 11. Bc4 0-0 12. Qd5 d6 13. Nd4 Ne5 14. Be2 c6 15. Qb3 a5 16. a4 Qh4+ 17. g3 Qh3 18. Kf2 Nd7 19. Rad1 Nc5 20. Qc4 Bd7 21. Bf1 Qh6 22. Bg2 Kh8 23. Nf5 Bxf5 24. exf5 Qf6 25. Bh3 Rad8 26. Rd2 Qh6 27. Rhd1 Qxh3 28. Kg1 Qxf5 29. Rxd6 Rxd6 30. Rxd6 Ne6 31. Qe2 Qc5+ 0-1

[Event "POL-ch Army"]
[Site "Kolobrzeg"]
[Date "2008.03.11"]
[Round "2"]
[White "Skindzier, Saturnin"]
[Black "Zygmunt, Piotr"]
[Result "0-1"]
[WhiteElo "2190"]
[BlackElo "1939"]
[PlyCount "77"]
[EventDate "2008.03.11"]
[EventType "swiss"]
[EventRounds "9"]
[EventCountry "POL"]
[SourceTitle "EXT 2010"]
[Source "ChessBase"]
[SourceDate "2010.11.25"]
[SourceVersion "1"]
[SourceVersionDate "2010.11.25"]
[SourceQuality "1"]

1. d4 d5 2. Nf3 Nf6 3. c4 e6 4. Nc3 Be7 5. Bg5 0-0 6. e3 b6 7. cxd5 Nxd5 8. Bxe7 Qxe7 9. Nxd5 exd5 10. Bd3 Qb4+ 11. Qd2 Na6 12. Rc1 c5 13. Qxb4 Nxb4 14. Bb1 cxd4 15. Nxd4 Ba6 16. Kd2 Bc8 17. a3 Na6 18. b4 Bb7 19. Bf5 g6 20. Bd7 Nb8 21. Bh3 Na6 22. Rc3 f5 23. Rhc1 f4 24. f3 Rae8 25. Re1 fxe3+ 26. Rexe3 Rxe3 27. Kxe3 Kf7 28. Bd7 Kf6 29. f4 Rf7 30. Bc8 Bxc8 31. Rxc8 Rc7 32. Rxc7 Nxc7 33. b5 a6 34. bxa6 Nxa6 35. Nc6 Ke6 36. g4 Nc7 37. a4 Kd6 38. Ne5 Ne6 39. Nd3 0-1

[Event "Gdansk-ch"]
[Site "Gdansk"]
[Date "2007.07.25"]
[Round "5"]
[White "Zielinski, Maciej"]
[Black "Zygmunt, Piotr"]
[Result "1-0"]
[WhiteElo "1906"]
[BlackElo "2000"]
[PlyCount "61"]
[EventDate "2007.07.22"]
[EventType "swiss"]
[EventRounds "9"]
[EventCountry "POL"]
[SourceTitle "CBM 119 Extra"]
[Source "ChessBase"]
[SourceDate "2007.09.04"]
[SourceVersion "1"]
[SourceVersionDate "2007.09.04"]
[SourceQuality "1"]

1. e4 e5 2. Nf3 Nc6 3. Bc4 Bc5 4. c3 Nf6 5. d4 exd4 6. cxd4 Bb4+ 7. Nc3 Nxe4 8. 0-0 Bxc3 9. d5 0-0 10. bxc3 Na5 11. Bd3 Nf6 12. Bg5 h6 13. Bh4 d6 14. Bc2 Bg4 15. Qd3 g6 16. Qd4 Kg7 17. Bxf6+ Qxf6 18. Qxg4 Qxc3 19. Qd4+ Qxd4 20. Nxd4 a6 21. Rac1 c5 22. dxc6 bxc6 23. Be4 d5 24. Bf3 Rfc8 25. Rc5 Nc4 26. Rxc6 Rxc6 27. Nxc6 Nd2 28. Rd1 Nxf3+ 29. gxf3 Kf6 30. Nb4 Ke6 31. Nxd5 1-0

[Event "Gdansk-ch"]
[Site "Gdansk"]
[Date "2007.07.22"]
[Round "2"]
[White "Zygmunt, Piotr"]
[Black "Dadello, Krzysztof"]
[Result "1-0"]
[WhiteElo "2000"]
[BlackElo "1835"]
[PlyCount "49"]
[EventDate "2007.07.22"]
[EventType "swiss"]
[EventRounds "9"]
[EventCountry "POL"]
[SourceTitle "CBM 119 Extra"]
[Source "ChessBase"]
[SourceDate "2007.09.04"]
[SourceVersion "1"]
[SourceVersionDate "2007.09.04"]
[SourceQuality "1"]

1. e4 e5 2. Nf3 Nc6 3. Nc3 Nf6 4. d4 exd4 5. Nxd4 Bb4 6. Nxc6 Bxc3+ 7. bxc3 bxc6 8. e5 Nd5 9. c4 Nb6 10. Qg4 Qe7 11. Qxg7 Rf8 12. Bh6 Ba6 13. Qxf8+ Qxf8 14. Bxf8 Kxf8 15. 0-0-0 Ke7 16. c5 Bxf1 17. Rhxf1 Nc4 18. Rd4 Na5 19. Rfd1 Rd8 20. Rb4 d6 21. exd6+ cxd6 22. Rxd6 Rc8 23. Rd3 Rc7 24. Ra3 Nb7 25. Rxa7 1-0

[Event "Gdansk-ch 5th"]
[Site "Gdansk"]
[Date "2003.11.19"]
[Round "9"]
[White "Stanislawowicz, Jan"]
[Black "Zygmunt, Piotr"]
[Result "0-1"]
[WhiteElo "2100"]
[BlackElo "2000"]
[PlyCount "76"]
[EventDate "2003.11.07"]
[EventType "swiss"]
[EventRounds "9"]
[EventCountry "POL"]
[SourceTitle "EXT 2008"]
[Source "ChessBase"]
[SourceDate "2007.11.25"]
[SourceVersion "1"]
[SourceVersionDate "2007.11.25"]
[SourceQuality "1"]

1. e4 e5 2. Nf3 Nc6 3. Bb5 Nf6 4. 0-0 d6 5. d4 exd4 6. Nxd4 Bd7 7. Bxc6 bxc6 8. Nc3 Be7 9. h3 Rb8 10. b3 0-0 11. Qf3 Re8 12. Bg5 Nxe4 13. Bxe7 Qxe7 14. Rfe1 d5 15. Re2 Qc5 16. Nxe4 Qxd4 17. Qc3 Rxe4 18. Qxd4 Rxd4 19. Re7 Rd8 20. Rae1 Re4 21. R1xe4 dxe4 22. Rxe4 Kf8 23. Ra4 Ra8 24. Rd4 Ke7 25. c4 Rd8 26. c5 Bc8 27. Re4+ Kf8 28. Ra4 Rd1+ 29. Kh2 a6 30. Rf4 Rd2 31. a3 Rd3 32. Rb4 Ke7 33. a4 Rc3 34. Re4+ Be6 35. b4 Rc4 36. Rxc4 Bxc4 37. Kg3 Ke6 38. Kf4 Bf1 0-1